| 000 -LEADER |
| fixed length control field |
01139cam a2200253 i 4500 |
| 003 - CONTROL NUMBER IDENTIFIER |
| control field |
OSt |
| 005 - DATE AND TIME OF LATEST TRANSACTION |
| control field |
20240801111552.0 |
| 008 - FIXED-LENGTH DATA ELEMENTS--GENERAL INFORMATION |
| fixed length control field |
151202s2016 mnua b 001 0 eng |
| 020 ## - INTERNATIONAL STANDARD BOOK NUMBER |
| International Standard Book Number |
9780760349755 (hardback) |
| 042 ## - AUTHENTICATION CODE |
| Authentication code |
pcc |
| 082 00 - DEWEY DECIMAL CLASSIFICATION NUMBER |
| Classification number |
738.1 |
| Edition number |
23 |
| 084 ## - OTHER CLASSIFICATION NUMBER |
| Classification number |
CRA028000 |
| -- |
CRA032000 |
| Source of number |
bisacsh |
| 100 1# - MAIN ENTRY--PERSONAL NAME |
| Personal name |
Carter, Ben, |
| Dates associated with a name |
1980- |
| Relator term |
author. |
| 245 10 - TITLE STATEMENT |
| Title |
Mastering the potter's wheel : |
| Remainder of title |
techniques, tips, and tricks for potters / |
| Statement of responsibility, etc |
Ben Carter. |
| 300 ## - PHYSICAL DESCRIPTION |
| Extent |
208 pages : |
| Other physical details |
color illustrations ; |
| Dimensions |
26 cm |
| 504 ## - BIBLIOGRAPHY, ETC. NOTE |
| Bibliography, etc |
Includes bibliographical references and index. |
| 505 0# - FORMATTED CONTENTS NOTE |
| Formatted contents note |
The Basics -- Building Wheel Skills -- Making Lids, Knobs, Handles, and Spouts -- Setting the Table -- Altering Pots-- Throwing Large -- Decorating and Finishing. |
| 520 ## - SUMMARY, ETC. |
| Summary, etc |
"A book of advances wheel techniques and inspiration for potters who have basic skills but would like to learn more about throwing large forms, lids, handles, darting, and more"-- |
| 650 #0 - SUBJECT ADDED ENTRY--TOPICAL TERM |
| Topical term or geographic name as entry element |
Pottery |
| General subdivision |
Technique. |
| 650 #0 - SUBJECT ADDED ENTRY--TOPICAL TERM |
| Topical term or geographic name as entry element |
Potters' wheels. |
| 650 #7 - SUBJECT ADDED ENTRY--TOPICAL TERM |
| Topical term or geographic name as entry element |
CRAFTS & HOBBIES / Pottery & Ceramics. |
| Source of heading or term |
bisacsh |
| 650 #7 - SUBJECT ADDED ENTRY--TOPICAL TERM |
| Topical term or geographic name as entry element |
CRAFTS & HOBBIES / Reference. |
| Source of heading or term |
bisacsh |
| 942 ## - ADDED ENTRY ELEMENTS (KOHA) |
| Source of classification or shelving scheme |
|